000 00676nam a2200241Ia 4500
003 OSt
005 20220918214408.0
006 a|||||r|||| 00| 0
007 ta
008 220917b |||||||| |||| 00| 0 eng d
024 _a137,249
037 _cTextual
040 _aARTS
_cARTS
_beng
041 _2eng
_aeng
082 _aYv, K1
100 _aLoomis Charles P
_9131167
245 0 _aModern social theories
_b selected American writers
260 _aNew Delhi
_bAffliated East West Press
_c1963
650 _aSOCIOLOGY
700 _a Loomis Zona K
_9131168
942 _hYv, K1
_cTEXL
_2CC
999 _c260333
_d260333